Law for adjudgement of domestic relations 1998.
| Format: | Book |
|---|---|
| Published: |
Tokyo:
Eibun-Horei-Sha,
1998.
|
| Subjects: |
| LEADER | 00443cam a2200157 7i4500 | ||
|---|---|---|---|
| 001 | 0000007036 | ||
| 005 | 19991025090000.0 | ||
| 002 | ##000008764 | ||
| 020 | 0 | 0 | |a T000006592 |
| 090 | 0 | 0 | |a JAPN 340 |b LAW |
| 245 | 0 | 0 | |a Law for adjudgement of domestic relations 1998. |
| 260 | 0 | 0 | |a Tokyo: |b Eibun-Horei-Sha, |c 1998. |
| 300 | 0 | 0 | |a 23 p.. |
| 650 | 0 | 0 | |a Japan -- |x Law and legislation |
| 651 | 0 | 0 | |a Japan |
| 999 | |a 0000009874 |b Book |c Open shelf |e Business Information Centre | ||